Danza-en-con-tensión : (Registro nro. 57958)
[ vista simple ]
| 000 -CABECERA | |
|---|---|
| Longitud fija campo de control | 01266nam a2200337 a 4500 |
| 003 - • IDENTIFICADOR DELl NÚMERO DE CONTROL | |
| Identificador del número de control | CO-BoRNBP |
| 005 - • FECHA Y HORA DE LA ÚLTIMA TRANSACCIÓN | |
| Fecha y hora de la última transacción | 20250813202407.0 |
| 007 - • CAMPO FIJO DE DESCRIPCIÓN FÍSICA | |
| Campo fijo de descripción física | ta |
| 008 - • CÓDIGOS DE INFORMACIÓN DE LONGITUD FIJA | |
| Códigos de información de longitud fija | 150226s2014 ck o gr 00010 spa d |
| 020 ## - • NÚMERO INTERNACIONAL NORMALIZADO PARA LIBROS | |
| Número Internacional Normalizado para Libros (ISBN) | 9789585817562 |
| 040 ## - FUENTE DE LA CATALOGACIÓN | |
| Centro catalogador de origen | CO-BoBLA |
| Lengua de catalogación | spa |
| Centro transcriptor | CO-BoBLA |
| 043 ## - CÓDIGO DE ÁREA GEOGRÁFICA | |
| Código de área geográfica | s-ck--- |
| 082 04 - • NÚMERO DE LA CLASIFICACIÓN DECIMAL DEWEY | |
| Número de clasificación (R) | 792.8 |
| Número del ítem | A74d1 |
| Número de edición | 21 |
| 100 1# - • PUNTO DE ACCESO PRINCIPAL-NOMBRE DE PERSONA | |
| Nombre de persona | Argel Raciny, Sandra Patricia. |
| 240 10 - • TÍTULO UNIFORME | |
| Título uniforme | <a href="La Guajira-Bibliografía regional">La Guajira-Bibliografía regional</a> |
| 245 10 - • TITULO PROPIAMENTE DICHO | |
| Título | Danza-en-con-tensión : |
| Resto del título | el Plan Nacional de Danza 2010-2020 visto desde Miraflores (Guaviare) / |
| Mención de responsabilidad, etc. | Sandra Patricia Argel Raciny. |
| 250 ## - • MENCIÓN DE EDICIÓN | |
| Mención de edición | Edición Yolanda López Correal. |
| 300 ## - • DESCRIPCIÓN FÍSICA | |
| Extensión | 116 páginas : |
| Otras características físicas | fotografías ; |
| Dimensiones | 24 cm + |
| Material Anexo | 1 DVD. |
| 336 ## - TIPO DE CONTENIDO | |
| Fuente | rdacontent |
| Término de tipo de contenido | texto |
| Código de tipo de contenido | txt |
| 337 ## - TIPO DE MEDIO | |
| Fuente | rdamedia |
| Nombre del tipo de medio | sin mediación |
| Código del tipo de medio | n |
| 338 ## - TIPO DE SOPORTE | |
| Fuente | rdacarrier |
| Nombre del tipo de soporte | volumen |
| Código del tipo de soporte | nc |
| 490 1# - • MENCIÓN DE SERIE | |
| Mención de serie | Colección Danza en estudio |
| 630 17 - • PUNTO DE ACCESO ADICIONAL DE MATERIA - TÍTULO UNIFORME | |
| Título uniforme | Plan Nacional de Danza |
| Subdivisión geográfica | Colombia |
| Subdivisión cronológica | 2009. |
| 650 #7 - • PUNTO DE ACCESO ADICIONAL DE MATERIA - TÉRMINO DE MATERIA | |
| Término de materia o nombre geográfico como elemento inicial | Danza |
| Subdivisión geográfica | Miraflores (Guaviare, Colombia) |
| Subdivisión cronológica | 2010-2020. |
| Fuente del encabezamiento o término | BLAAUTO |
| 650 #7 - • PUNTO DE ACCESO ADICIONAL DE MATERIA - TÉRMINO DE MATERIA | |
| Término de materia o nombre geográfico como elemento inicial | Política cultural |
| Subdivisión geográfica | Miraflores (Guaviare, Colombia) |
| Subdivisión cronológica | 2010-2020. |
| Fuente del encabezamiento o término | BLAAUTO |
| 700 1# - • PUNTO DE ACCESO ADICIONAL - NOMBRE DE PERSONA | |
| Nombre de persona | López Correal, Yolanda, |
| Término indicativo de función | editora. |
| 776 0# - ENLACE A UN FORMATO FÍSICO ADICIONAL | |
| Información sobre la relación | El DVD es complemento del libro. |
| 942 ## - ENTRADA DE ELEMENTOS AGREGADOS (KOHA) | |
| Fuente de clasificaión o esquema | Dewey Decimal Classification |
| Koha [por defecto] tipo de item | LIbro |
| 949 ## - TRATAMIENTO DE LA INFORMACIÓN LOCAL (OCLC) | |
| a | n |
| b | n |
| Perdido | Fuente de clasificación o esquema | Estado Físico | No para préstamo | Forma de adquisición | Localización permanente | Localización actual | Localización en estanterías | Fecha adquisición | Préstamos totales | Signatura completa | Código de barras | Fecha última consulta | Número de copia | Fecha del precio de reemplazo | Tipo de item de Koha |
|---|---|---|---|---|---|---|---|---|---|---|---|---|---|---|---|
| Dewey Decimal Classification | Colección General | Biblioteca Pública Puerto López - Jorge Eliecer Gaitán | Biblioteca Pública Puerto López - Jorge Eliecer Gaitán | General | 08/13/2025 | 792.8 A74d1 | PLZ02657 | 08/13/2025 | Ej.1 | 08/13/2025 | LIbro |